000 01111nam a2200301 i 4500
003 EG-GICUC
005 20260314094602.0
008 260128s1932 ua |||fr|||| 00| 0 ara d
040 _a EG-GICUC
_bara
_c EG-GICUC
_d EG-GICUC
_erda
041 0 _aAra
082 0 4 _221
_a343
_bج ن . م
092 0 4 _221
099 _aLaw1 10 343 ج ن . م 1932
100 0 _aجندى عبدالملك
_eمؤلف.
245 1 2 _aالموسوعة الجنائية.
_nالجزء الثانى،
_pإضراب - مهدي /
_cتأليف جندى عبدالملك.
264 3 _aالقاهرة :
_bمطبعة دار الكتب المصرية،
_c1932.
264 1 _aبيروت :
_aلبنان :
_bدار المؤلفات القانونية
300 _a784 صفحة؛
_c24 سم.
336 _2rda content
_atext
337 _2rda media
_aComputer
338 _2rda carrier
_aOnline Resource
650 1 _aالعلوم الجنائية
_2qrmak
650 1 _aالقانون الجنائى
_2qrmak
651 1 _2qrmak
856 4 0 _uhttps://fll.law.cu.edu.eg/fulltext/bks/B10-08738.pdf
905 _a54
942 _2ddc
_cBK
_e21
_n0
999 _c60001
_d60001